| 000 | 00455nam a2200157Ia 4500 | ||
|---|---|---|---|
| 003 | OSt | ||
| 005 | 20201218143107.0 | ||
| 008 | 190216s9999||||xx |||||||||||||| ||und|| | ||
| 040 | _coclc | ||
| 082 |
_a603 _bCRI/D |
||
| 100 |
_aCrispin, F S _97650 |
||
| 245 | 0 |
_aDictionary Of Technical Terms / _cF S Crispin |
|
| 260 |
_bOxford & I B H Publishing, _aKolkatta: _c1964. |
||
| 300 | _a454p | ||
| 942 |
_cREF _2ddc _h603 _iCRI/D _k603 _mCRI/D |
||
| 999 |
_c35101 _d35101 |
||